|
|
|
|
| LEADER |
00000nab#a22000007a#4500 |
| 001 |
arbauad022920 |
| 003 |
AR-BaUAD |
| 005 |
20250711111939.0 |
| 008 |
961025|||||||||###||||||b###|0###a|spa|| |
| 040 |
|
|
|a AR-BaUAD
|c AR-BaUAD
|b spa
|
| 100 |
|
|
|a Castro, Antonio
|
| 245 |
|
|
|a Carlos Saura :
|b "yo creo que en el cine todo está aún por ver" /
|c Antonio Castro;
|
| 300 |
0 |
|
|b fot.
|
| 653 |
|
|
|a CINE
|
| 653 |
|
|
|a DIRECTORES DE CINE
|
| 653 |
|
|
|a ESPAÑA
|
| 653 |
|
|
|a SAURA, CARLOS
|
| 653 |
|
|
|a FILMOGRAFIAS
|
| 653 |
|
|
|a DIRECCION DE CINE
|
| 773 |
0 |
|
|t DIRIGIDO
|g no. 249 [sep. 1996], p. 52-67
|
| 942 |
|
|
|c ARTI
|
| 952 |
|
|
|0 0
|1 0
|4 0
|7 0
|9 67839
|a AR-BAuAD
|b AR-BAuAD
|d 2025-07-11
|l 0
|p AAQA022920
|r 2025-07-11 11:19:39
|w 2025-07-11
|y ARTI
|
| 990 |
|
|
|a C199
|b TD
|
| 998 |
|
|
|a AAQ
|b BIBUN76
|
| 999 |
|
|
|c 47512
|d 47512
|